000 00718nam a2200289Ia 4500
001 15231
003 IT-RoPAU
008 130308s9999 xx 000 0 und d
040 _aIT-RoPAU
040 _cIT-RoPAU
041 _aITALIANO
100 _aCalderoni Franco
100 _gCodice Aut. SPICS: 8607
245 _aCechov e il cinema
245 _bSteppa (La)
250 _a1a ed.
260 _aBOLOGNA
260 _bCappelli
260 _c1962 [1° Ed.:1962 - Ed.Ling.Originale:1962]
300 _a"12 p. (prefazione: no ; testo: 12 [pagine: 13-24])"
650 _aAUTORI/OPERE DEL CINEMA
650 _eCodice materia Spics: 6807
942 _cBK
957 _71
999 _c52499
_d52499
999 _bSI
999 _g1